00282nam a2200109Ia 4500008004000000082001600040100001900056245003400075260003400109300001100143650001800154210210b1909 xxu||||| |||| 00| 0 eng d a823.01 JAMS aJAMES (Henry). aShort stories of Henry James. aN YbThe Modern Libraryc1909 axx,644 aShort Stories